Америка Синклера Льюиса Монография
В книге написанной известным ученым специалистом в области зарубежной (прежде всего американской) литературы профессором заслуженным деятелем науки Российской Федерации рассматривается творчество выдающегося американского писателя Синклера Льюиса. Он создал более 20 романов лучшие из которых — «Глав...
Uloženo v:
| Hlavní autor: | |
|---|---|
| Médium: | Монография |
| Vydání: | 2 |
| Edice: | Научная мысль |
| On-line přístup: | https://znanium.ru/catalog/document?id=454157 https://znanium.ru/cover/2174/2174429.jpg |
| Tagy: |
Přidat tag
Žádné tagy, Buďte první, kdo otaguje tento záznam!
|
| LEADER | 04036nam0a2200373 i 4500 | ||
|---|---|---|---|
| 001 | RU\infra-m\znanium\bibl\2174429 | ||
| 003 | https://znanium.ru/catalog/document?id=454157 | ||
| 005 | 20241014000000.0 | ||
| 010 | |a 978-5-16-020469-7 | ||
| 010 | |a 978-5-16-104680-7 |b электр. издание | ||
| 100 | |a 20241014d2024 m y0rusy0150 ca | ||
| 101 | 0 | |a rus | |
| 102 | |a RU | ||
| 200 | 1 | |a Америка Синклера Льюиса |e Монография |f Московский городской педагогический университет | |
| 205 | |a 2 |b перераб. и доп. | ||
| 210 | 1 | |a Москва |c ООО "Научно-издательский центр ИНФРА-М" |d 2025 | |
| 215 | |a 188 с. | ||
| 225 | 1 | |a Научная мысль | |
| 330 | |a В книге написанной известным ученым специалистом в области зарубежной (прежде всего американской) литературы профессором заслуженным деятелем науки Российской Федерации рассматривается творчество выдающегося американского писателя Синклера Льюиса. Он создал более 20 романов лучшие из которых — «Главная улица» «Бэббит» «Эрроусмит» «Элмер Гентри» «Кингсблад потомок королей» — пользуются мировой известностью. Синклер Льюис был одним из самых проницательных и острых критиков «американского образа жизни» неумолимо изобличавшим его пороки и язвы. Верное понимание самого механизма капиталистических отношений и психологии «среднего» американца позволило Синклеру Льюису предвидеть многие тенденции развития американской общественно-политической жизни. Анализируя творчество Синклера Льюиса автор разрабатывает такие историко-теоретические проблемы как своеобразие его сатиры эпический характер его творчества публицистический и социологический элементы в его романах. Книга может быть использована для преподавания истории литературы США и для ряда других литературных курсов в высших учебных заведениях. Является расширенным изданием 1972 года (Издательство «Наука» рецензент академик Д.С. Лихачёв). | ||
| 333 | |a Дополнительное профессиональное образование | ||
| 606 | |a Филологические науки |x История литературы |2 local | ||
| 608 | |a Монография |2 local | ||
| 675 | |a 82.091(075.4) |z rus | ||
| 686 | |a 83.3(7) |2 rubbk | ||
| 686 | |a 41.03.06 |2 okso | ||
| 686 | |a 42.03.02 |2 okso | ||
| 686 | |a 42.03.03 |2 okso | ||
| 686 | |a 42.03.04 |2 okso | ||
| 686 | |a 45.03.01 |2 okso | ||
| 686 | |a 45.04.01 |2 okso | ||
| 700 | 1 | |a Гиленсон |b Б. А. |g Борис Александрович |p Московский городской педагогический университет | |
| 801 | 0 | |a RU |b Общество с ограниченной ответственностью «ЗНАНИУМ» |c 20240923 |2 rusmarc | |
| 856 | 4 | |a znanium.ru |m ebs_support@infra-m.ru |n НИЦ ИНФРА-М |u https://znanium.ru/catalog/document?id=454157 | |
| 856 | 4 | 1 | |a znanium.ru |d /cover/2174 |f 2174429.jpg |q image/jpeg |u https://znanium.ru/cover/2174/2174429.jpg |